Design and detailing for airtightness (Record no. 109804)

MARC details
000 -LEADER
fixed length control field 01683cad a22002175a 4500
001 - CONTROL NUMBER
control field E147939
008 - FIXED-LENGTH DATA ELEMENTS--GENERAL INFORMATION
fixed length control field 090702s2006 xxka f 000 0 eng d
035 ## - SYSTEM CONTROL NUMBER
System control number (Sirsi) u147939
041 0# - LANGUAGE CODE
Language code of text/sound track or separate title eng
050 04 - LIBRARY OF CONGRESS CALL NUMBER
Classification number 690 $2 18
100 1# - MAIN ENTRY--PERSONAL NAME
Personal name Morgan, Chris
245 00 - TITLE STATEMENT
Title Design and detailing for airtightness
Remainder of title SEDA desing guides for Scotland no. 2
Medium [electronic resource]
260 ## - PUBLICATION, DISTRIBUTION, ETC.
Place of publication, distribution, etc. [Scotland]
Name of publisher, distributor, etc. SEDA
Date of publication, distribution, etc. 2006
505 2# - FORMATTED CONTENTS NOTE
Formatted contents note Introduction: aims of this guide; target audience; how to use this guide -- The context: infiltration, ventilation and airtightness; why build airtight?; legislation; measurement; targets -- Designing airtight buildings: performance specification; layers and zones; design; detailed specification -- Implementing airtight buildings: plan of work; roles and responsibilities; inspection; testing and audit schedule; remedial airtightness works -- Testing airtightness: climatic conditions; the test itself; air leakage audits; component testing -- The details: double leaf concrete block; timber frame; steel frame with curtain walling; refurbishment of masonry building; concrete frame and pane
520 ## - SUMMARY, ETC.
Summary, etc. Looks at the benefits of airtightness in buildings, which helps to address energy loss through leakage. Offers practical guidance on conserving energy, reducing costs and protecting building fabric. Aims to encourage designers to address these issues at the start of a project, thus avoiding expensive and time consuming remedial works.
521 ## - TARGET AUDIENCE NOTE
Target audience note Advanced
651 #4 - SUBJECT ADDED ENTRY--GEOGRAPHIC NAME
Geographic name Scotland
Chronological subdivision 1999-
690 ## - LOCAL SUBJECT ADDED ENTRY--TOPICAL TERM (OCLC, RLIN)
Topical term or geographic name as entry element BUILT ENVIRONMENT-CONSTRUCTION DESIGN
856 40 - ELECTRONIC LOCATION AND ACCESS
Uniform Resource Identifier <a href="https://www.seda2.org/dfa/">https://www.seda2.org/dfa/</a>
Public note View the guidance free of charge at www.seda2.org...
942 ## - ADDED ENTRY ELEMENTS (KOHA)
Suppress in OPAC 0
Holdings
Withdrawn status Lost status Source of classification or shelving scheme Damaged status Not for loan Home library Current library Shelving location Date acquired Total Checkouts Full call number Barcode Date last seen Copy number Price effective from Koha item type
    Dewey Decimal Classification     Virtual Virtual Online 02/07/2009   ONLINE PUBLICATION 147939-2001 06/08/2019 1 06/08/2019 Book